[Event "58. BEM 2004"]
[Site "Dortmund"]
[Date "2004.03.05"]
[Round "3.12"]
[White "Starp, Klaus"]
[Black "Benke, Werner"]
[Result "1-0"]
[WhiteElo "1892"]
[BlackElo "1609"]
[Annotator "Fritz 7 (15s)"]
[PlyCount "47"]
[EventDate "2004.??.??"]
[Source "SG Dortmund"]
[SourceDate "2004.12.16"]

{B07: Pirc Defence: Miscellaneous Systems
} 1. e4 d6 2. d4 Nf6 3. Nc3 e6 4. Nf3
Be7 5. Be2 (5. Bd3 O-O 6. h4 h5 7. Bf4 Nc6 8. Qd2 Ng4 9. Bg3 e5 10. dxe5 dxe5
11. Nd5 Bd6 12. O-O-O Be6 13. Ng5 Qd7 14. Nxe6 Qxe6 15. Qg5 f5 16. Bc4 Kh7 17.
Qxh5+ Qh6+ 18. Qxh6+ Kxh6 19. exf5 Rxf5 20. f3 Nf6 21. Ne3 Rh5 22. Bf2 Kg6 23.
g4 Rhh8 24. Nf5 Rhb8 25. h5+ Kh7 26. g5 Ng8 27. Ne3 Nce7 {
1-0 Sanduleac,V-Bobu,A/Bucharest 1994/EXT 97 (27)}) 5... b6 (5... O-O 6. O-O c6
7. Bg5 h6 8. Be3 b5 9. a4 Nh7 10. h4 Bxh4 11. Nxh4 Qxh4 12. g3 Qe7 13. Kg2 f5
14. Rh1 Rf6 15. Rh4 Rg6 16. Bh5 Qxh4 17. Bxg6 Qg4 18. Bxh7+ Kxh7 19. f3 Qg6 20.
Qh1 Bb7 21. e5 dxe5 22. dxe5 Nd7 23. Bf4 {
1/2-1/2 Prietz,K-Axnich,H/Dresden 2001/CBM 84 ext (23)}) 6. O-O Ba6 $146 (6...
Bb7 7. d5 (7. Bb5+ c6 8. Bd3 Na6 9. Re1 O-O 10. Bg5 Qc7 11. a3 Rad8 12. Qe2 Nb8
13. d5 e5 14. dxc6 Bxc6 15. Nh4 Bd7 16. Bxf6 Bxf6 17. Nd5 Qc8 18. Nxf6+ gxf6
19. Qf3 f5 20. exf5 f6 21. Re4 Bc6 {
Hernandez Penna,S-Araniti,M/Buenos Aires 1993/EXT 98/1-0 (44)}) 7... exd5 8.
exd5 Nbd7 9. Re1 O-O 10. h3 Re8 11. a4 a6 12. Be3 Ne5 13. Qd2 Qd7 14. Rad1 Rad8
15. Bf4 Ng6 16. Bh2 Bf8 17. Qd4 Ne7 18. Qc4 Rc8 19. Bg3 Nf5 20. Bf4 g6 21. Bg5
{Karanikolas,D-Simeone,G/Ars 1995/EXT 2000/1-0 (42)}) 7. Bxa6 Nxa6 8. Qd3 Qc8
9. Bg5 O-O 10. e5 dxe5 11. dxe5 Rd8 12. Qe2 Nd5 13. Nxd5 Bxg5 14. Nxb6 cxb6 15.
Nxg5 h6 16. Ne4 Rd5 $2 (16... Qc6 $142 $16) 17. Nd6 $18 Qc5 18. Qxa6 Rxe5 19.
Nc4 Re4 20. Qb7 Qd5 21. Qxd5 exd5 22. Ne3 d4 23. Nf5 Rc8 (23... Rf4 {
waere noch eine kleine Chance} 24. Ne7+ Kf8 $18) 24. Nd6 (24. Nd6 Ree8 25. Nxe8
Rxe8 26. Rfd1 $18) 1-0

[Event "58. BEM 2004"]
[Site "Dortmund"]
[Date "2004.03.05"]
[Round "3.13"]
[White "Krause, Dieter"]
[Black "Noori, Mir Ahmad"]
[Result "1-0"]
[WhiteElo "1873"]
[BlackElo "1553"]
[Annotator "Fritz 7 (15s)"]
[PlyCount "125"]
[EventDate "2004.??.??"]
[Source "SG Dortmund"]
[SourceDate "2004.12.16"]

{A04: Unusual lines after 1 Nf3 and King's Indian Attack
} 1. Nf3 e6 2. d4 d6 (
2... Be7 3. g3 d5 4. Bg2 Nd7 5. O-O Ngf6 6. c4 c6 7. Qc2 h6 8. Nbd2 O-O 9. Rd1
b6 10. e4 Bb7 11. e5 Nh7 12. Nf1 Rc8 13. cxd5 cxd5 14. Qe2 Rc7 15. h4 Re8 16.
Ne3 f5 17. exf6 {Lau,U-Weritz,J/Dortmund 1993/TD/1-0 (40)}) 3. g3 (3. e3 Ne7 4.
Bd3 Ng6 5. O-O Be7 6. c3 O-O 7. Nbd2 Nd7 8. e4 e5 9. dxe5 Ndxe5 10. Nxe5 dxe5
11. Nf3 Bg4 12. h3 Be6 13. Be3 b6 14. Bc2 Bf6 15. Bb3 Bxb3 16. Qxb3 Qe7 17.
Rad1 Nh4 {Van Delft,K-Van den Akker,T/Utrecht 2000/EXT 2002/1/2-1/2 (42)}) 3...
Ne7 $146 (3... Nf6 4. Nbd2 (4. Bg2 Nbd7 5. O-O Be7 6. Nbd2 Rb8 7. c3 b6 8. Qc2
Bb7 9. e4 Ng4 10. Re1 e5 11. Bh3 h5 12. dxe5 dxe5 13. Bf1 Bc5 14. Re2 Ba6 15.
c4 Qf6 16. h3 Nh6 17. Bg2 g5 18. Nf1 g4 {
Gomez,J-Fernandez,J/Candas 1992/TD/0-1 (35)}) 4... Nbd7 5. c4 Nb6 6. Bg2 Bd7 7.
b3 Be7 8. Bb2 c5 9. dxc5 dxc5 10. Ne5 Qc7 11. Qc2 Bd6 12. Ndf3 Bc6 13. Nxc6
Qxc6 14. O-O Qc7 15. Rad1 Nbd7 16. Rd2 Rd8 17. Rfd1 Be7 18. Bc3 {
Carty,P-Klarner,K/Bayern 1997/EXT 2001/1-0 (40)}) 4. Bg2 g6 5. h4 h6 {
Verwehrt dem Gegner g5} 6. e4 Bg7 7. c3 b6 8. O-O O-O 9. Re1 Bb7 10. Nbd2 Nd7
11. Nf1 Nf6 12. Qc2 Rb8 13. b4 a6 14. a4 c6 15. N1d2 d5 16. e5 {
Weiss erobert Raum} 16... Nd7 17. a5 {Raumvorteil} 17... c5 18. bxc5 bxc5 19.
Ba3 cxd4 (19... Bc6 $5 $11 {ist zu beachten}) 20. cxd4 $16 Re8 21. Nb3 Nc6 22.
Reb1 Rc8 23. Qd2 Kh7 24. Nc5 Nxc5 25. Bxc5 Ba8 26. Bf1 Nb8 (26... Nxe5 $142 $5
27. Nxe5 Bxe5 $16) 27. Bd6 $18 Bf8 28. Bxb8 Rxb8 29. Bxa6 Qc7 30. Bd3 Kg7 31.
h5 g5 32. a6 Qa7 33. Bc2 Be7 34. Qd3 Rh8 35. Rxb8 Qxb8 36. g4 Qa7 37. Rc1 Bc6
38. Nd2 Bd7 39. Nb3 (39. Rb1 Bc8 40. Ra1 Bd7 $18) 39... Qb6 40. Nc5 (40. Rb1
Bb5 41. Na1 Bxd3 42. Rxb6 Bd8 43. Rxe6 fxe6 44. Bxd3 Bb6 $14) 40... Bxc5 41.
dxc5 Qxc5 42. Qf3 Qe7 43. Bd3 Ra8 $4 {verschlechtert die Stellung weiter} (
43... Ba4 $142 $16) 44. Rc7 $18 Rc8 45. Qf6+ $1 {Motiv: Doppelangriff} 45...
Qxf6 46. exf6+ Kxf6 47. Rxd7 Rc3 (47... Ke5 {macht keinen grossen Unterschied}
48. Rxf7 Kd4 49. Bf1 $18) 48. a7 Ra3 49. Bb5 d4 (49... Ke5 {
nuetzt auch nichts mehr} 50. Bc6 Ra1+ 51. Kg2 $18) 50. Kf1 e5 (50... Ke5 {
nuetzt auch nichts mehr} 51. Bc6 $18) 51. Bc4 (51. Rd6+ {
gibt noch groesseren Vorteil} 51... Ke7 52. Ra6 Rxa6 53. Bxa6 d3 $18) 51... e4
(51... Ra1+ {waere gleichermassen fruchtlos} 52. Ke2 Kg7 53. Rxf7+ Kh8 54. Rf8+
Kg7 55. a8=R Rxa8 56. Rxa8 $18) 52. Bd5 (52. Rxf7+ $142 {
und Weiss ist direkt am Ziel} 52... Ke5 53. Rf5+ Kd6 $18) 52... Ra1+ (52...
Rxa7 {aendert nichts am Ausgang der Partie} 53. Rxa7 Ke5 54. Bxf7 $18) 53. Ke2
d3+ (53... Ke5 {aendert den Lauf der Dinge nicht} 54. a8=R Rxa8 55. Bxa8 $18)
54. Kd2 Ke5 55. a8=Q Rxa8 56. Bxa8 f5 (56... Kf4 57. Rxf7+ Ke5 58. Rf5+ Kd6 59.
Bxe4 $18) 57. gxf5 Kxf5 58. Re7 Kg4 (58... Kf6 {aendert nichts mehr} 59. Rxe4
Kf5 60. Ra4 $18) 59. Bxe4 Kxh5 60. Kxd3 Kg4 (60... Kh4 {
hilft allerdings auch nicht} 61. Ke3 h5 62. Re5 Kg4 63. Bf5+ Kh4 64. Rd5 g4 65.
Bg6 Kh3 66. Rxh5+ Kg2 67. Be4+ Kf1 68. Rh1#) 61. Ke3 h5 (61... Kh3 {
hilft auch nicht mehr} 62. Bf5+ g4 63. Re5 Kh4 64. Bg6 Kh3 65. Rh5+ Kg2 66.
Be4+ Kf1 67. Rh1#) 62. Rf7 (62. Re5 Kh4 63. Bf5 g4 64. Bg6 Kh3 65. Rxh5+ Kg2
66. Be4+ Kf1 67. Rh1#) 62... h4 (62... Kh3 {macht keinen grossen Unterschied}
63. Rc7 g4 64. Kf4 Kh2 65. Rc1 g3 66. Rh1#) 63. Bf5+ (63. Bf5+ Kh5 64. Rh7#)
1-0

[Event "58. BEM 2004"]
[Site "Dortmund"]
[Date "2004.03.05"]
[Round "3.14"]
[White "Gielisch, Eckhart"]
[Black "Zabel, Reinhard"]
[Result "1-0"]
[WhiteElo "1851"]
[BlackElo "1511"]
[Annotator "Fritz 7 (15s)"]
[PlyCount "135"]
[EventDate "2004.??.??"]
[Source "SG Dortmund"]
[SourceDate "2004.12.16"]

{
D55: Queen's Gambit Declined: 4 Bg5 Be7: Lines without ...h6 and 6...h6 7 Bxf6

} 1. d4 d5 2. c4 e6 3. Nc3 Nf6 4. Bg5 Be7 5. e3 Nbd7 6. Nf3 b6 7. cxd5 exd5 8.
Bd3 Bb7 9. O-O O-O 10. Rc1 Rc8 11. Nb5 a6 12. Na7 Ra8 13. Nc6 Bxc6 14. Rxc6 Bd6
$146 (14... Nb8 15. Rc2 Ne4 16. Bxe7 Qxe7 17. Ne5 c5 18. Qf3 f5 19. Qd1 c4 20.
Be2 g6 21. f3 Nf6 22. Qd2 Ra7 23. Rcc1 Rc7 24. Bd1 Re8 25. Bc2 Nc6 26. f4 Nd8
27. Rf3 Nf7 28. Rg3 Nd6 29. Qe1 Nfe4 30. Rh3 Kh8 31. Nxg6+ {
1-0 Garn,E-Delmarko,D/Velden 1994/TD (31)}) 15. Qc2 h6 16. Bh4 Nb8 17. Rc3 c5
18. Bh7+ Kh8 19. Bf5 c4 20. e4 Be7 21. exd5 b5 22. Re1 (22. Bxf6 $142 $5 Bxf6
23. b3 $16) 22... Nxd5 23. Bxe7 Nxe7 24. Be4 Ra7 25. b3 (25. Qd2 $142 $11 {
und Weiss kann noch kaempfen}) 25... f5 $17 26. bxc4 fxe4 27. Qxe4 bxc4 28.
Rxc4 Qd5 29. Qc2 (29. Qxd5 $5 Nxd5 30. Rc5 $17) 29... Nbc6 $19 30. Rc1 Rc8 (
30... Rxf3 $142 {und aller Vorteil laege nun bei Schwarz} 31. gxf3 Nxd4 $19)
31. Rc5 $11 Qd7 (31... Qd8 $142 $5 {ist zu ueberlegen} 32. d5 Nxd5 $15) 32. d5
Nb4 $2 (32... Qxd5 33. Rxd5) 33. Rxc8+ $18 Qxc8 34. Qxc8+ Nxc8 35. Rxc8+ Kh7
36. d6 (36. Rd8 $142 $5 $18) 36... Rd7 $16 37. a3 Rxd6 38. Kf1 Nd5 39. g3 Ne7
40. Rc4 (40. Re8 $142 $5 Nc6 41. h4 $16) 40... Rd3 $11 41. Nd4 Rxa3 42. Rc7 Nd5
43. Ra7 Ra1+ 44. Kg2 Ra2 45. Nf5 Kg6 46. g4 Nf4+ 47. Kf3 Ne6 48. h4 h5 49. Ne7+
Kf6 50. g5+ Ke5 51. Nc6+ Kd6 52. Nb4 {Faellt a6?} 52... Ra3+ 53. Ke4 Ra4 54.
Rxa6+ Rxa6 55. Nxa6 g6 56. f3 Ng7 57. Nb4 Nf5 58. Nc2 Nxh4 59. Ne3 Ke6 $4 (
59... Ke7 $142 $11 {war die einzige Moeglichkeit, noch zu kaempfen}) 60. Kf4
$18 Nxf3 61. Kxf3 Ke5 62. Kg3 Ke4 63. Nc4 Kf5 64. Kh4 Kf4 65. Nd6 Ke5 66. Nf7+
Kf4 67. Nh6 Kf3 (67... Ke5 $18 {ist ein letzter Versuch}) 68. Ng8 (68. Ng8 Kf4
69. Ne7 $18) 1-0

[Event "58. BEM 2004"]
[Site "Dortmund"]
[Date "2004.03.05"]
[Round "3.15"]
[White "Scholtyßek, Norbert"]
[Black "Hellwig, Thomas"]
[Result "0-1"]
[WhiteElo "1608"]
[BlackElo "1806"]
[Annotator "Fritz 7 (15s)"]
[PlyCount "58"]
[EventDate "2004.??.??"]
[Source "SG Dortmund"]
[SourceDate "2004.12.16"]

{A01: Nimzowitsch-Larsen Opening
} 1. b3 e5 2. Bb2 d6 3. c4 Nc6 4. e3 Nf6 5. g3
(5. Nf3 g6 6. d4 Bg7 7. dxe5 Nd7 8. Be2 dxe5 9. O-O O-O 10. e4 Re8 11. Nc3 Nc5
12. Qxd8 Rxd8 13. Nd5 Ne6 14. Rfe1 Bd7 15. Rad1 Ncd4 16. Nxd4 exd4 17. Bg4 c6
18. Bxe6 fxe6 19. Nf4 e5 20. Nd3 b6 21. c5 g5 22. f3 h5 23. Bc1 Bf6 24. Bd2 Kf7
25. Rc1 Ke7 26. Rc2 {
1/2-1/2 Sundararajan,K-Fogarasi,T/Budapest 2001/CBM 83 ext (26)}) (5. Nc3 Bf5
6. a3 Be7 7. d3 Qd7 8. g3 O-O 9. Bg2 Bg6 10. Nge2 Rfe8 11. O-O Bf5 12. e4 Bh3
13. f4 Bxg2 14. Kxg2 Bd8 15. Nd5 Nxd5 16. cxd5 Ne7 17. f5 c6 18. dxc6 Nxc6 19.
Nc3 f6 {Matlakov,M-Chirila,I/Halkidiki 2001/EXT 2002/1-0 (54)}) 5... g6 6. Bg2
Bg7 7. a3 $146 {Kontrolliert b4} (7. Ne2 O-O 8. O-O Bf5 9. d3 Qd7 10. Nbc3 Bh3
11. e4 Rae8 12. Nd5 Bxg2 13. Nxf6+ Bxf6 14. Kxg2 Bg7 15. a3 f5 16. f3 Bh6 17.
b4 Be3 18. b5 Nd4 19. Bc1 fxe4 20. dxe4 Bxc1 21. Rxc1 Nxe2 {
Qrnithpoulos-Sideris,N/Nikea 1985/MCD/1/2-1/2 (46)}) 7... O-O 8. d3 {
Der Gegner darf nicht nach e4} 8... d5 9. Nc3 d4 {Raumgewinn} 10. Nd5 Nxd5 11.
cxd5 Ne7 12. e4 c6 13. dxc6 Nxc6 14. Nf3 Bg4 15. h3 Bxf3 16. Bxf3 f5 17. Qd2
Rc8 18. b4 f4 {Schwarz will den Gegner einengen} 19. Bg4 Rc7 20. Be6+ Kh8 21.
g4 Qf6 22. Bc4 Nd8 23. f3 (23. h4 Qe7 $11) 23... Ne6 24. h4 Rfc8 25. Rc1 Nf8
26. Qh2 $4 {Weiss bereitet h5 vor} (26. Bd5 $142 {ist die einzige Rettung}
26... Rxc1+ 27. Bxc1 $11) 26... b5 $1 $19 {glaenzend gespielt} 27. h5 (27. Bxb5
{Nutzt die Fesselung aus} 27... Rxc1+) 27... bxc4 (27... Rxc4 {
verbietet sich, da} 28. dxc4 gxh5 29. gxh5 bxc4 30. h6 Bxh6 31. Qxh6 Qxh6 32.
Rxh6 $18) 28. h6 cxd3 29. Kd2 (29. hxg7+ Kxg7 30. Qd2 $19) 29... Rc2+ (29...
Rc2+ 30. Kd1 Qe6 31. hxg7+ Kxg7 32. Rxc2 Qb3 $19) 0-1

[Event "58. BEM 2004"]
[Site "Dortmund"]
[Date "2004.03.04"]
[Round "3.16"]
[White "Schultz, Bernfried"]
[Black "Iwannek, Ralf"]
[Result "1/2-1/2"]
[WhiteElo "1611"]
[BlackElo "1771"]
[Annotator "Fritz 7 (15s)"]
[PlyCount "126"]
[EventDate "2004.??.??"]
[Source "SG Dortmund"]
[SourceDate "2004.12.16"]

{C11: French: Classical System: 4 e5 and 4 Bg5 dxe4
} 1. e4 e6 2. d4 d5 3. Nc3
dxe4 4. Nxe4 Nf6 5. Bg5 Be7 6. Nxf6+ Bxf6 7. Bxf6 Qxf6 8. Nf3 O-O 9. Be2 Rd8
10. O-O c5 11. c3 cxd4 12. cxd4 Nc6 {
Steigert den Druck auf den isolierten Bauern d4} 13. Qc2 $146 (13. Qa4 Bd7 (
13... e5 14. dxe5 Nxe5 15. Qb5 Nc6 16. Rad1 Re8 17. Rfe1 b6 18. Bf1 Rxe1 19.
Rxe1 Bb7 20. Bc4 h6 21. b4 Rd8 22. h3 Qd6 23. Qh5 Qf6 24. a3 Ne7 25. Ne5 Nd5
26. Ng4 Qf4 27. Ne5 Rf8 28. Qg4 Qxg4 29. hxg4 a6 30. Bxd5 Bxd5 31. Nd7 Rd8 32.
Nxb6 Be6 33. f3 Rd2 34. Re3 Kf8 35. Na4 Rd1+ 36. Kf2 Rd2+ 37. Re2 Rd6 38. Nc5
Bc4 39. Re3 Rd2+ 40. Kg3 Bf1 41. Kf4 Rxg2 42. Nd7+ Kg8 43. Re8+ Kh7 44. Re3 Re2
45. Nc5 a5 46. Nb7 axb4 47. axb4 Rb2 48. Re4 {
Szekely,S-Gyarmati,T/SVK 1995/EXT 97/1/2-1/2 (117)}) 14. Rfd1 Be8 15. Qb3 b6
16. Bb5 Na5 17. Qa4 Bxb5 18. Qxb5 h6 19. h3 Rd5 20. Qa4 Qd8 21. Rac1 b5 22. Qc2
Nc4 23. b3 Nb6 24. Qc7 Rc8 25. Qxa7 Ra8 26. Qb7 Rxa2 27. Rc7 Rd7 {
Papapavlou,P-Kastel,O/Amsterdam 1954/EXT 2001/1-0 (68)}) 13... Nxd4 14. Nxd4
Rxd4 15. Rac1 Bd7 16. Bf3 Rc8 17. Qb3 b6 18. Rxc8+ Bxc8 19. Rc1 Qd8 20. Qc3 Bb7
21. h3 Rd3 22. Qc4 Rd4 (22... Rd7 23. Bxb7 Rxb7 24. Qa4 $17) 23. Qc3 $15 Rd7
24. Bxb7 Rxb7 25. Qc8 Rd7 26. Rc7 Rd1+ 27. Kh2 a5 (27... h6 $5 $15) 28. Qb7 $11
Qf8 29. Qxb6 g6 30. Qxa5 Qb8 31. g3 Qxb2 $2 (31... h5 $142 $16) 32. Rc8+ $4 {
wirft den sicheren Gewinn weg} (32. Qa8+ $142 {und Schwarz kann direkt aufgeben
} 32... Kg7 33. Qf3 $18) 32... Kg7 $15 33. Qc5 Rd2 34. Qf8+ Kf6 35. Qh8+ Kf5
36. Rc5+ Ke4 37. Rc4+ (37. Qxb2 $5 {ist erwaegenswert} 37... Rxb2 38. Kg2 Rxa2
39. Rc7 $15) 37... Kd5 $17 38. Qxb2 Rxb2 39. Rf4 f5 (39... Rxa2 $6 40. Rxf7 e5
41. Kg1 $11) 40. Kg2 Rxa2 41. Rb4 Ra6 42. g4 e5 43. Rb7 h5 44. gxf5 gxf5 45.
Rh7 Rg6+ 46. Kf3 e4+ 47. Ke3 Ke5 48. Rxh5 Ra6 49. f4+ exf3 50. Kxf3 Ra3+ 51.
Kf2 Ke4 {Schwarz aktiviert den Koenig} 52. Rh8 Ra2+ 53. Kg1 Kf4 54. Rg8 Kf3 55.
h4 f4 56. h5 Ra1+ 57. Kh2 Ra5 58. Rh8 Kf2 (58... Rg5 $5 $15 {ist zu ueberlegen}
) 59. Kh3 $11 Rg5 60. h6 f3 61. Kh4 Rg2 62. h7 Rh2+ 63. Kg5 Kg2 1/2-1/2

[Event "58. BEM 2004"]
[Site "Dortmund"]
[Date "2004.03.05"]
[Round "3.17"]
[White "Gerke, Dieter"]
[Black "Krüger, Georg"]
[Result "1-0"]
[WhiteElo "1484"]
[BlackElo "1753"]
[Annotator "Fritz 7 (15s)"]
[PlyCount "55"]
[EventDate "2004.??.??"]
[Source "SG Dortmund"]
[SourceDate "2004.12.16"]

{B01: Scandinavian Defence
} 1. e4 d5 2. exd5 Qxd5 3. Nc3 Qa5 4. d4 c6 5. Nf3
Bf5 6. Bd3 Bg4 7. h3 Bh5 8. O-O e6 9. Re1 Nf6 10. Bd2 Qc7 11. Ne4 Nbd7 12. Ng3
$146 (12. Bg5 Be7 13. c4 O-O 14. Ng3 Bg6 15. Bxg6 hxg6 16. Ne5 Bd6 17. Bf4 c5
18. Nxd7 Qxd7 19. Bxd6 Qxd6 20. dxc5 Qxc5 21. Qe2 Rfd8 22. Rad1 Rac8 23. b3 a5
{1/2-1/2 Debortoli,R-Ruf,K/GER 1999/EXT 2000 (23)}) 12... Bg6 13. Bg5 Bxd3 14.
Qxd3 ({Weniger gut ist} 14. cxd3 Bb4 15. Re2 Nd5 $17) 14... h6 15. Bd2 Bd6 16.
Nf5 Bf8 17. c4 O-O-O 18. Ne3 {Weiss plant d5} 18... g5 19. b4 Be7 20. d5 exd5 (
20... Kb8 21. Bc3 $14) 21. Nxd5 {Motiv: Raeumung fuer den Zug e1-e7. .} 21...
Nxd5 (21... cxd5 22. Rxe7) 22. cxd5 Qd6 $2 (22... Nb6 $142 $5 {
lohnt die Pruefung} 23. Qf5+ Qd7 24. Qxf7 Nxd5 $16) 23. Rac1 Rhe8 24. b5 (24.
Qb3 $142 $18 {nun kommt Weiss in Vorteil}) 24... c5 $14 25. Ba5 Nb6 {
Steigert den Druck auf den isolierten Bauern d5} (25... b6 $5 {sieht gut aus}
26. Bd2 Bf6 $14) 26. Qf5+ Kb8 (26... Qd7 $5 27. Qxd7+ Rxd7 $16) 27. Qxf7 $18
Qxd5 $4 {ein Fehler, doch es war nicht viel zu retten} (27... Qf4 $142 28.
Qxf4+ gxf4 29. Bxb6 axb6 $18) 28. Rxe7 (28. Rxe7 Qxf7 29. Rxf7 $18) 1-0

[Event "58. BEM 2004"]
[Site "Dortmund"]
[Date "2004.03.05"]
[Round "3.21"]
[White "Rogner, Wolfgang"]
[Black "Woestmann, Ulrich"]
[Result "1/2-1/2"]
[WhiteElo "1558"]
[BlackElo "1972"]
[Annotator "Fritz 7 (15s)"]
[PlyCount "85"]
[EventDate "2004.??.??"]
[Source "SG Dortmund"]
[SourceDate "2004.12.16"]

{D00: 1 d4 d5: Unusual lines
} 1. d4 Nf6 2. Nc3 d5 3. e4 Nxe4 4. Nxe4 dxe4 5.
Bc4 Qd6 6. c3 Be6 7. Bxe6 (7. d5 Bf5 8. Ne2 e5 9. dxe6 Qxd1+ 10. Kxd1 fxe6 11.
Nd4 Nc6 12. Nxc6 bxc6 13. Be3 a5 14. a4 Bd6 15. Kc2 Kd7 16. h3 Rhf8 17. Rae1
Bg6 18. Re2 Rf5 19. Rd1 Rd5 20. Red2 Rf8 21. Kc1 Rf6 {
Boehm,J-Westerinen,H/Germany 1996/GER/0-1 (57)}) 7... Qxe6 8. Ne2 Nd7 9. Ng3
$146 (9. O-O O-O-O 10. Qc2 f5 11. Be3 h6 12. c4 g5 13. d5 Qa6 14. b4 Nb6 15.
Bxb6 Qxb6 16. Rab1 Bg7 17. a4 c6 18. a5 Qc7 19. Qa2 Be5 20. b5 cxd5 21. cxd5
Qd7 22. Rfd1 Kb8 23. Nd4 Bxd4 {Christiani,S-Bilawer,A/Germany 1993/GER/0-1 (50)
}) 9... O-O-O 10. O-O f5 11. Re1 h5 12. h4 g6 13. Ne2 Bh6 14. Bxh6 Rxh6 15. Nf4
Qf7 (15... Qf6 16. Qd2 Rh7 17. Rad1 $17) 16. Nh3 Nf6 17. Ng5 Qd5 18. Qb3 Rd7
19. Nf7 Rh7 20. Ne5 Rd8 21. Nxg6 Rg7 22. Nf4 Qxb3 23. axb3 Rg4 24. g3 a6 25.
Ra5 Rdg8 26. Kf1 Rxf4 27. gxf4 e6 28. f3 Rg3 $2 (28... exf3 $142 $5 {
und Schwarz kann noch kaempfen} 29. Kf2 Ne4+ 30. Kxf3 Rg3+ 31. Ke2 Rg4 $11) 29.
fxe4 $16 Nxe4 30. Rxe4 fxe4 31. Rxh5 Rf3+ 32. Ke2 Kd7 33. d5 Rxf4 34. dxe6+
Kxe6 35. Rh7 Ke5 36. h5 Rh4 37. Rxc7 Rh2+ 38. Ke3 Rh3+ 39. Kf2 Kf4 {
Der schwarze Koenig wird gefaehrlich} 40. Rf7+ Kg4 (40... Ke5 41. Rh7 $14) 41.
Rg7+ (41. Rxb7 $142 $5 Rxh5 42. Ke3 $16) 41... Kf4 $11 (41... Kxh5 42. Rh7+ Kg4
43. Rxh3 Kxh3 44. Ke3 $18) 42. Rf7+ Kg4 43. Rg7+ (43. Rxb7 $142 $5 Rxh5 44. Ke3
$16) 1/2-1/2

[Event "58. BEM 2004"]
[Site "Dortmund"]
[Date "2004.03.05"]
[Round "3.22"]
[White "Kartsev, Alexandr"]
[Black "Büchle, Manfred"]
[Result "0-1"]
[WhiteElo "1341"]
[BlackElo "1959"]
[Annotator "Fritz 7 (15s)"]
[PlyCount "62"]
[EventDate "2004.??.??"]
[Source "SG Dortmund"]
[SourceDate "2004.12.16"]

{D02: 1 d4 d5 2 Nf3 sidelines, including 2...Nf6 3 g3 and 2...Nf6 3 Bf4
} 1. d4
d5 2. Nf3 e6 3. g3 Nf6 4. e3 $146 (4. a3 a5 (4... c5 5. dxc5 Bxc5 6. Bg2 Qa5+
7. Bd2 Qb6 8. b4 Bxf2+ 9. Kf1 Ng4 10. h3 Bxg3 11. e3 Nxe3+ 12. Bxe3 Qxe3 13.
Qe2 Qc1+ 14. Ne1 Nc6 15. Bxd5 Nd4 16. Qe4 Bxe1 17. Bxe6 Bxe6 18. Qxe1 Qxe1+ 19.
Kxe1 {Scheib,E-Fabian,H/Bad Woerishofen 1991/EXT 98/0-1 (34)}) 5. Nc3 c5 6. e3
Nc6 7. Bg2 cxd4 8. exd4 Be7 9. O-O O-O 10. Re1 Nd7 11. Qd3 Bf6 12. Bf4 Na7 13.
b4 Nb6 14. bxa5 Nc4 15. Reb1 Qxa5 16. Nd2 Nxd2 17. Bxd2 Qd8 18. Na4 Nc6 19. Nb6
Ra6 20. Nxc8 Qxc8 21. c3 Qa8 22. Bc1 Na5 23. a4 Nc4 24. Qc2 Rc8 25. Bf1 Rac6
26. Qd3 Ra6 27. Qd1 Rac6 28. Qe1 Qa7 29. Bd3 Rb6 30. Rxb6 Qxb6 31. Rb1 Qa5 32.
Rxb7 Qxa4 33. Rb4 Qa1 34. Bc2 Qa6 35. Qf1 Qc6 36. Qd3 g6 37. Ba4 Qc7 38. Qf3
Qe7 39. Bh6 Bg7 40. Bxg7 Kxg7 41. Qe2 Qc7 42. Rb5 {
1/2-1/2 Ahmed,K-Hadjittofis,Y/Skopje 1972/EXT 2000 (42)}) (4. b3 Ne4 5. Bb2 Nd7
6. Bg2 Bb4+ 7. Nfd2 f5 8. O-O O-O 9. f3 Nxd2 10. Nxd2 f4 11. gxf4 Rxf4 12. e4
Nf8 13. Rf2 Ng6 14. Nf1 Qh4 15. a3 Be7 16. Bc1 Rf7 17. Be3 Bd7 18. Ng3 Raf8 {
Macek,V-Flear,C/Debrecen 1992/EU-chT/0-1 (35)}) (4. Nc3 Bb4 5. Bd2 O-O 6. h4 h6
7. Qc1 Kh7 8. e3 Ne4 9. Nxe4 Bxd2+ 10. Qxd2 Nc6 11. Nc3 Kg8 12. a3 Qf6 13. Bg2
Qe7 14. Qd3 f5 15. Ne5 Nxe5 16. dxe5 Rd8 17. Nxd5 exd5 18. Bxd5+ Be6 {
Skulte,C-Engelander,J/Canberra 1996/EXT 98/1-0 (35)}) (4. Bg5 h6 5. Bxf6 Qxf6
6. c3 c5 7. Bg2 Nc6 8. O-O Bd6 9. dxc5 Bxc5 10. Nbd2 O-O 11. Qa4 e5 12. e4 d4
13. b4 dxc3 14. bxc5 cxd2 15. Nxd2 Nd4 16. Nc4 Bg4 17. Ne3 Bf3 18. Qd7 Bxg2 19.
Nxg2 Qe6 20. Qxb7 Nf3+ {0-1 Arrieta,H-Playa,M/Buenos Aires 1992/EXT 98 (20)})
4... Be7 5. c4 dxc4 6. Bxc4 O-O 7. O-O b6 8. Nc3 Bb7 9. Ng5 Nd5 10. Bxd5 exd5
11. Nh3 Nd7 12. Nf4 Nf6 13. Nh5 Qd7 14. Nxf6+ Bxf6 15. Qf3 Rfe8 16. Bd2 c5 17.
Ne2 Ba6 18. dxc5 bxc5 19. Rab1 (19. Rac1 Rac8 20. b3 $19) 19... d4 20. Rfe1 $2
(20. g4 $19) 20... Bb7 21. Qh5 (21. Qf4 {macht keinen grossen Unterschied}
21... Re4 22. Qf3 Re7 $19) 21... Qc6 (21... Re5 22. Qxe5 Bxe5 23. e4 Bxe4 24.
Nf4 Bxf4 25. Rxe4 Bxd2 26. Re2 $19) 22. f3 g6 23. Qg4 dxe3 (23... Bc8 {
waere im Gewinnsinne praeziser} 24. Qf4 g5 25. Nxd4 cxd4 26. Rbc1 Qxc1 27. Qxf6
Qxd2 28. Qxg5+ Kf8 29. Qh6+ Ke7 30. Qh4+ Kd6 31. Rf1 $19) 24. Bc3 Bxc3 (24...
h5 $142 {liesse Weiss keine Chance} 25. Qf4 Bg5 26. Nd4 $19) 25. Nxc3 (25. bxc3
Qxf3 26. Qxf3 Bxf3 $19) 25... Rad8 (25... Qxf3 $6 26. Qxf3 Bxf3 27. Nd1 Bxd1
28. Rbxd1 $19) 26. Ne4 (26. Ne2 {haette noch versucht werden koennen} 26... Rd2
27. a3 $19) 26... f5 27. Qg5 (27. Qf4 {ist noch eine duenne Chance} 27... fxe4
28. Rxe3 exf3 29. Qc4+ Kg7 30. Qc3+ Rd4 31. Rxe8 f2+ 32. Kxf2 Qg2+ 33. Ke1 Qg1+
34. Ke2 Qxh2+ 35. Ke1 Qh1+ 36. Kf2 Qg2+ 37. Ke1 $19) 27... fxe4 28. Qxe3 exf3
29. Qb3+ c4 30. Qa3 (30. Kf1 {hilft auch nicht mehr} 30... cxb3 31. Re4 Qc2 32.
Rxe8+ Rxe8 33. Re1 Qg2#) 30... f2+ $1 {Motiv: Raeumung fuer den Zug c6-g2} 31.
Kf1 (31. Kxf2 {Motiv: Hinlenkung-> f2} 31... Qg2# {
Eine sehenswerte Mattkombination}) 31... Qg2# 0-1